000 00600nam a2200217 a 4500
001 86493
003 BD-RjUL
005 20260517124910.0
008 260517s1898 fr ||||| |||| 00| 0 eng d
035 _a(BD-RjUL)86493
040 _aBD-RjUL
_beng
_cBD-RjUL
041 _aeng
082 _223
_a843.7
_bBAP 1898
100 _aBalzac, Honoré de
_918495
245 _aA Passion in the Desert /
_cby Honoré de Balzac
250 _aCaxton ed.
260 _aLondon :
_bThe Caxton Publishing Company,
_c1898
300 _a372 p. :
_bill.;
_c22 cm.
650 _aFrench fiction
_918499
942 _2ddc
_cBK
999 _c86493
_d86493